[Event "GER-chW 2019"]
[Site "Magdeburg"]
[Date "2019.05.26"]
[Round "1.9"]
[White "Bashylina, Luisa"]
[Black "Erofeev, Anastasia"]
[Result "0-1"]
[WhiteElo "1812"]
[BlackElo "2003"]
[Annotator "NA RC"]
[PlyCount "98"]
[EventDate "2019.05.26"]
[EventType "tourn"]
[EventCountry "GER"]
[SourceTitle "playchess.com"]
[Source "ChessBase"]
[SourceQuality "1"]
[TimeControl "40/5400+30:1800+30"]

1. e4 {[%emt 0:00:00]} c5 {[%emt 0:00:00]} 2. Nf3 {[%emt 0:00:00]} e6 {[%emt 0:00:00]} 3. d4 {[%emt 0:00:38]} cxd4 {[%emt 0:00:00]} 4. Nxd4 {[%emt 0:00:05]} a6 {[%emt 0:00:16]} 5. Bd3 {[%emt 0:01:28]} Qc7 {[%emt 0:01:47]} 6. O-O {[%emt 0:00:19]} Nf6 {[%emt 0:01:05]} 7. Nc3 {[%emt 0:01:02]} b5 {[%emt 0:05:48]} 8. a3 {[%emt 0:00:27]} Bc5 {[%emt 0:00:57]} 9. Nb3 {[%emt 0:04:30]} Be7 {[%emt 0:00:38]} 10. Qe2 {[%emt 0:01:10]} d6 {[%emt 0:01:22]} 11. f4 {[%emt 0:05:45]} Nbd7 {[%emt 0:01:15]} 12. Bd2 {[%emt 0:04:47]} Bb7 {[%emt 0:03:57]} 13. Rae1 {[%emt 0:05:04]} O-O {[%emt 0:10:21]} 14. Kh1 {[%emt 0:06:55]} Rfe8 {[%emt 0:04:53]} 15. e5 {[%emt 0:04:39]} Nd5 {[%emt 0:03:06]} 16. Nd4 {[%emt 0:20:02]} Nc5 {[%emt 0:08:09]} 17. Qg4 {[%emt 0:09:07]} Nxd3 {[%emt 0:08:35]} 18. cxd3 {[%emt 0:00:11]} Nxc3 {[%emt 0:06:34]} 19. Bxc3 {[%emt 0:01:37]} Bf8 {[%emt 0:08:09]} 20. Ne2 {[%emt 0:14:05]} dxe5 {[%emt 0:09:05]} 21. fxe5 {[%emt 0:02:57]} g6 {[%emt 0:07:21]} 22. Ng3 {[%emt 0:02:44]} Bg7 {[%emt 0:00:15]} 23. Ne4 {[%emt 0:00:55]} Bxe4 {[%emt 0:01:20]} 24. Qxe4 {[%emt 0:00:17]} Rac8 {[%emt 0:01:23]} 25. Rc1 {[%emt 0:03:08]} Qd7 {[%emt 0:03:39]} 26. h3 {[%emt 0:01:36]} Rc6 {[%emt 0:01:58]} 27. Bd2 {[%emt 0:04:14]} Rec8 {[%emt 0:02:19]} 28. d4 {[%emt 0:02:03]} h5 {[%emt 0:02:34]} 29. Bc3 {[%emt 0:00:36]} Bh6 {[%emt 0:01:28]} 30. Rcd1 {[%emt 0:00:18]} Rc4 {[%emt 0:00:27]} 31. Qf3 {[%emt 0:00:45]} Bf8 {[%emt 0:01:38]} 32. d5 {[%emt 0:01:18]} Bxa3 {[%emt 0:01:34]} 33. dxe6 {[%emt 0:01:00]} Qxe6 {[%emt 0:00:10]} 34. Rd3 {[%emt 0:01:58]} Bf8 {[%emt 0:00:17]} 35. b3 {[%emt 0:00:18]} R4c6 {[%emt 0:00:42]} 36. Qe3 {[%emt 0:01:16]} Qxb3 {[%emt 0:01:22]} 37. Bd4 {[%emt 0:00:20]} Qc4 {[%emt 0:01:05]} 38. Ra1 {[%emt 0:00:47]} b4 {[%emt 0:00:53]} 39. Rb3 {[%emt 0:00:35]} Qb5 {[%emt 0:00:33]} 40. Qf2 {[%emt 0:00:32]} Rc1+ {[%emt 0:01:04]} 41. Rxc1 {[%emt 0:30:27]} Rxc1+ {[%emt 0:30:04]} 42. Kh2 {[%emt 0:00:09]} Qc4 {[%emt 0:00:00]} 43. Rf3 {[%emt 0:00:00]} a5 {[%emt 0:00:00]} 44. Rf6 {[%emt 0:00:00]} Bc5 {[%emt 0:00:00]} 45. e6 {[%emt 0:00:00]} Bxd4 {[%emt 0:00:00]} 46. Rxg6+ {[%emt 0:00:00]} fxg6 {[%emt 0:00:00]} 47. Qf7+ {[%emt 0:00:00]} Kh8 {[%emt 0:00:00]} 48. Qf8+ {[%emt 0:00:00]} Kh7 {[%emt 0:00:00]} 49. Qf7+ {[%emt 0:00:00]} Bg7 {[%emt 0:00:00]} 0-1

[Event "GER-chW 2019"]
[Site "Magdeburg"]
[Date "2019.05.26"]
[Round "1.10"]
[White "Koehler, Inken"]
[Black "Liu, Sijia Anna"]
[Result "1-0"]
[WhiteElo "1979"]
[BlackElo "1689"]
[Annotator "NA"]
[PlyCount "87"]
[EventDate "2019.05.26"]
[EventType "tourn"]
[EventCountry "GER"]
[SourceTitle "playchess.com"]
[Source "ChessBase"]
[SourceQuality "1"]
[TimeControl "40/5400+30:1800+30"]

1. c4 {[%emt 0:00:00]} Nf6 {[%emt 0:00:00]} 2. g3 {[%emt 0:00:00]} g6 {[%emt 0:00:00]} 3. Bg2 {[%emt 0:00:08]} Bg7 {[%emt 0:00:32]} 4. Nc3 {[%emt 0:00:28]} c5 {[%emt 0:01:09]} 5. Nf3 {[%emt 0:00:59]} Nc6 {[%emt 0:00:36]} 6. O-O {[%emt 0:00:34]} O-O {[%emt 0:01:42]} 7. d3 {[%emt 0:01:42]} a6 {[%emt 0:02:48]} 8. Rb1 {[%emt 0:07:14]} Rb8 {[%emt 0:03:22]} 9. a3 {[%emt 0:26:44]} b5 {[%emt 0:08:41]} 10. cxb5 {[%emt 0:03:00]} axb5 {[%emt 0:01:32]} 11. b4 {[%emt 0:00:34]} cxb4 {[%emt 0:00:49]} 12. axb4 {[%emt 0:00:07]} Ne8 {[%emt 0:01:14]} 13. Qb3 {[%emt 0:05:06]} Nc7 {[%emt 0:03:29]} 14. Bb2 {[%emt 0:02:29]} d6 {[%emt 0:01:58]} 15. Ne1 {[%emt 0:15:56]} Be6 {[%emt 0:02:32]} 16. Nd5 {[%emt 0:02:26]} Bxb2 {[%emt 0:02:38]} 17. Rxb2 {[%emt 0:02:00]} Nd4 {[%emt 0:02:21]} 18. Qc3 {[%emt 0:00:36]} Nxe2+ {[%emt 0:03:34]} 19. Rxe2 {[%emt 0:00:04]} Nxd5 {[%emt 0:01:12]} 20. Qd4 {[%emt 0:02:39]} Nf6 {[%emt 0:03:30]} 21. Nc2 {[%emt 0:03:28]} Qd7 {[%emt 0:04:57]} 22. Rfe1 {[%emt 0:02:17]} Rfc8 {[%emt 0:08:30]} 23. Qb2 {[%emt 0:03:23]} Ng4 {[%emt 0:03:42]} 24. Nd4 {[%emt 0:05:25]} Ne5 {[%emt 0:05:15]} 25. Nxe6 {[%emt 0:01:16]} fxe6 {[%emt 0:03:18]} 26. Qb3 {[%emt 0:02:09]} Rf8 {[%emt 0:08:19]} 27. d4 {[%emt 0:02:08]} Nc4 {[%emt 0:06:18]} 28. Bh3 {[%emt 0:00:59]} Qb7 {[%emt 0:02:00]} 29. Bxe6+ {[%emt 0:01:00]} Kh8 {[%emt 0:02:19]} 30. d5 {[%emt 0:02:58]} Qa7 {[%emt 0:07:11]} 31. Qc3+ {[%emt 0:01:08]} Ne5 {[%emt 0:01:10]} 32. Re3 {[%emt 0:02:48]} Rf6 {[%emt 0:01:32]} 33. Kg2 {[%emt 0:01:00]} Rbf8 {[%emt 0:03:58]} 34. f4 {[%emt 0:00:24]} Nc4 {[%emt 0:00:17]} 35. R3e2 {[%emt 0:00:15]} h6 {[%emt 0:01:18]} 36. Bg4 {[%emt 0:00:33]} Qb7 {[%emt 0:01:18]} 37. Bf3 {[%emt 0:00:46]} Kg8 {[%emt 0:00:42]} 38. Rxe7 {[%emt 0:00:32]} Qa6 {[%emt 0:01:13]} 39. Ra1 {[%emt 0:01:34]} Qb6 {[%emt 0:01:05]} 40. Raa7 {[%emt 0:00:35]} R8f7 {[%emt 0:00:58]} 41. Ra8+ {[%emt 0:30:54]} Kg7 {[%emt 0:30:57]} 42. Ree8 {[%emt 0:01:42]} g5 {[%emt 0:00:00]} 43. Rg8+ {[%emt 0:00:00]} Kh7 {[%emt 0:00:00]} 44. Be4+ {[%emt 0:00:00] Qd8} 1-0

[Event "GER-chW 2019"]
[Site "Magdeburg"]
[Date "2019.05.27"]
[Round "2.1"]
[White "Michna, Marta"]
[Black "Schmidt, Jade"]
[Result "1-0"]
[WhiteElo "2355"]
[BlackElo "2062"]
[Annotator "NA"]
[PlyCount "75"]
[EventDate "2019.05.26"]
[EventType "tourn"]
[EventCountry "GER"]
[SourceTitle "playchess.com"]
[Source "ChessBase"]
[SourceQuality "1"]
[TimeControl "40/5400+30:1800+30"]

1. b4 {[%emt 0:00:24]} a5 {[%emt 0:00:04]} 2. b5 {[%emt 0:01:41]} c5 {[%emt 0:00:08]} 3. a4 {[%emt 0:08:51]} d5 {[%emt 0:02:00]} 4. Bb2 {[%emt 0:00:22]} Nd7 {[%emt 0:01:38]} 5. f4 {[%emt 0:10:19]} Qc7 {[%emt 0:04:51]} 6. e3 {[%emt 0:00:43]} b6 {[%emt 0:01:07]} 7. Nf3 {[%emt 0:03:34]} Bb7 {[%emt 0:00:28]} 8. g3 {[%emt 0:06:48]} e6 {[%emt 0:01:17]} 9. Bg2 {[%emt 0:00:18]} Ngf6 {[%emt 0:11:18]} 10. O-O {[%emt 0:01:13]} Be7 {[%emt 0:01:14]} 11. Qe2 {[%emt 0:06:18]} h6 {[%emt 0:02:23]} 12. d3 {[%emt 0:03:26]} O-O-O {[%emt 0:00:20]} 13. Ne5 {[%emt 0:04:21]} Rdf8 {[%emt 0:02:07]} 14. Nc6 {[%emt 0:04:23]} Bxc6 {[%emt 0:23:59]} 15. bxc6 {[%emt 0:00:04]} Qxc6 {[%emt 0:00:08]} 16. c4 {[%emt 0:12:44]} Ne8 {[%emt 0:07:22]} 17. Nc3 {[%emt 0:01:56]} Ndf6 {[%emt 0:00:57]} 18. e4 {[%emt 0:04:27]} dxe4 {[%emt 0:09:42]} 19. dxe4 {[%emt 0:00:05]} Nd7 {[%emt 0:11:17]} 20. e5 {[%emt 0:02:55]} Qc7 {[%emt 0:00:05]} 21. Nb5 {[%emt 0:00:03]} Qb8 {[%emt 0:00:05]} 22. Qe4 {[%emt 0:00:34]} Nc7 {[%emt 0:00:13]} 23. Qc6 {[%emt 0:00:26]} Rd8 {[%emt 0:03:57]} 24. Rad1 {[%emt 0:04:17]} Rhe8 {[%emt 0:08:35]} 25. Nd6+ {[%emt 0:00:31]} Bxd6 {[%emt 0:00:03]} 26. exd6 {[%emt 0:00:05]} f6 {[%emt 0:00:12]} 27. Bf3 {[%emt 0:06:25]} Nf8 {[%emt 0:02:25]} 28. Bh5 {[%emt 0:04:15]} g6 {[%emt 0:00:35]} 29. Bf3 {[%emt 0:00:49]} Nd7 {[%emt 0:01:22]} 30. dxc7 {[%emt 0:01:51]} Qxc7 {[%emt 0:00:08]} 31. Qa8+ {[%emt 0:01:58]} Qb8 {[%emt 0:00:29]} 32. Qa6+ {[%emt 0:00:40]} Kc7 {[%emt 0:00:05]} 33. Qb5 {[%emt 0:00:12]} Qa7 {[%emt 0:01:48]} 34. Rd2 {[%emt 0:01:34]} e5 {[%emt 0:03:18]} 35. Rfd1 {[%emt 0:00:23]} Re7 {[%emt 0:00:24]} 36. fxe5 {[%emt 0:00:22]} fxe5 {[%emt 0:00:36]} 37. Qc6+ {[%emt 0:00:15]} Kb8 {[%emt 0:00:18]} 38. Qd6+ {[%emt 0:00:04]} 1-0

[Event "GER-chW 2019"]
[Site "Magdeburg"]
[Date "2019.05.27"]
[Round "2.2"]
[White "Erofeev, Anastasia"]
[Black "Schulze, Lara"]
[Result "0-1"]
[WhiteElo "2003"]
[BlackElo "2160"]
[Annotator "TA"]
[PlyCount "62"]
[EventDate "2019.05.26"]
[EventType "tourn"]
[EventCountry "GER"]
[SourceTitle "playchess.com"]
[Source "ChessBase"]
[SourceQuality "1"]

{[%evp 14,94,39,18,37,24,34,-3,13,12,7,10,10,-17,-13,-12,26,5,39,9,27,-2,18,0,0,-324,-306,-353,-312,-427,-367,-453,-406,-406,-392,-446,-431,-477,-487,-554,-522,-617,-392,-789,-783,-717,-600,-590,-604,-675,-558,-576,-566,-999,-620,-995,-942,-971,-937,-958,-624,-879,-857,-1059,-979,-1055,-774,-919,-928,-889,-877,-904,-889,-29982,-29983,-29985,-29982,-29982,-29983,-29991,-29991,-29997,-29996]} 1. d4 Nf6 2. c4 e6 3. Nc3 Bb4 4. e3 b6 5. Nge2 c5 6. a3 Ba5 7. Rb1 Na6 8. Ng3 Bb7 {E42: Nimzo-Indian: Rubinstein: 4...c5 5 Ne2} 9. f3 O-O 10. Kf2 (10. Bd3 d5 11. O-O cxd4 12. Nb5 dxc4 13. Bxc4 Rc8 14. Qe2 Bd5 15. Bxd5 Qxd5 16. e4 {1-0 (63) Tomashevsky,E (2728)-Caruana,F (2787) Wijk aan Zee 2016}) 10... Bxc3 {The position is equal.} 11. bxc3 d5 12. cxd5 $146 ({Predecessor:} 12. Bb2 Rc8 13. cxd5 cxd4 14. Qxd4 Qxd5 15. Be2 Nc5 16. c4 {½-½ (61) Buhmann,R (2587)-Cuenca Jimenez,J (2489) Caleta 2018}) 12... Nxd5 13. Qe1 f5 14. Bd3 Ndc7 15. h4 Kh8 16. Qe2 Qe7 17. Qc2 Rac8 18. Ne2 Nd5 {[#] Strongly threatening ...c4.} 19. h5 $2 {[%mdl 8192]} (19. Qa4 $11 {and White has nothing to worry.} Nb8 20. c4 (20. Qxa7 c4 $11)) 19... c4 $19 20. h6 g6 21. Bb2 Nb8 {[%cal Ba6b8,Bb8d7,Bd7f6][%mdl 32]} (21... cxd3 22. Qxd3 e5 23. c4 $19) 22. Nc1 cxd3 23. Nxd3 Ba6 ({Don't do} 23... Qg5 24. Qd2) 24. Rbc1 Bc4 (24... Qg5 25. Rce1 $19) 25. a4 Nd7 ({Don't play} 25... Qg5 26. f4 $19) 26. Ra1 Qg5 27. Qd2 f4 28. e4 $2 (28. exf4 Rxf4 29. Rad1) 28... Ne3 29. Ne1 Nf6 30. Ba3 Rfd8 31. Be7 Nxe4+ {Played: Rd8-d7} 0-1

[Event "GER-chW 2019"]
[Site "Magdeburg"]
[Date "2019.05.27"]
[Round "2.3"]
[White "Burchardt, Brigitte"]
[Black "Koehler, Inken"]
[Result "1/2-1/2"]
[WhiteElo "2094"]
[BlackElo "1979"]
[Annotator "NA RC"]
[PlyCount "90"]
[EventDate "2019.05.26"]
[EventType "tourn"]
[EventCountry "GER"]
[SourceTitle "playchess.com"]
[Source "ChessBase"]
[SourceQuality "1"]
[TimeControl "40/5400+30:1800+30"]

1. e4 {[%emt 0:00:00]} c5 {[%emt 0:00:00]} 2. Nc3 {[%emt 0:02:45]} Nc6 {[%emt 0:00:00]} 3. g3 {[%emt 0:00:06]} g6 {[%emt 0:00:00]} 4. Bg2 {[%emt 0:00:04]} Bg7 {[%emt 0:00:01]} 5. d3 {[%emt 0:00:05]} d6 {[%emt 0:00:08]} 6. Be3 {[%emt 0:02:01]} e6 {[%emt 0:00:20]} 7. Qd2 {[%emt 0:00:57]} Rb8 {[%emt 0:00:40]} 8. Nge2 {[%emt 0:01:55]} Nd4 {[%emt 0:00:36]} 9. O-O {[%emt 0:02:31]} b5 {[%emt 0:01:41]} 10. f4 {[%emt 0:00:45]} Ne7 {[%emt 0:00:55]} 11. Nd1 {[%emt 0:04:51]} b4 {[%emt 0:01:33]} 12. Nc1 {[%emt 0:08:30]} O-O {[%emt 0:01:44]} 13. c3 {[%emt 0:01:12]} bxc3 {[%emt 0:01:40]} 14. bxc3 {[%emt 0:00:07]} Ndc6 {[%emt 0:02:45]} 15. Ne2 {[%emt 0:01:49]} Ba6 {[%emt 0:03:14]} 16. Rc1 {[%emt 0:03:14]} Qd7 {[%emt 0:05:42]} 17. Nf2 {[%emt 0:05:42]} Rb6 {[%emt 0:12:07]} 18. Bf3 {[%emt 0:07:50]} Rfb8 {[%emt 0:05:36]} 19. Rc2 {[%emt 0:00:25]} Rb1 {[%emt 0:04:48]} 20. Rxb1 {[%emt 0:01:54]} Rxb1+ {[%emt 0:00:05]} 21. Kg2 {[%emt 0:00:07]} Qc7 {[%emt 0:11:10]} 22. Rb2 {[%emt 0:08:11]} Rxb2 {[%emt 0:01:39]} 23. Qxb2 {[%emt 0:00:05]} Qa5 {[%emt 0:05:26]} 24. Qb3 {[%emt 0:03:48]} Bb5 {[%emt 0:11:41]} 25. Bd2 {[%emt 0:05:41]} Qb6 {[%emt 0:09:01]} 26. Be3 {[%emt 0:03:45]} Qa6 {[%emt 0:04:03]} 27. c4 {[%emt 0:00:54]} Ba4 {[%emt 0:00:14]} 28. Qa3 {[%emt 0:00:51]} Nb4 {[%emt 0:00:54]} 29. Bd2 {[%emt 0:10:13]} Nc2 {[%emt 0:02:06]} 30. Qc1 {[%emt 0:00:26]} Nd4 {[%emt 0:01:20]} 31. Nxd4 {[%emt 0:08:37]} Bxd4 {[%emt 0:00:08]} 32. Qa3 {[%emt 0:07:28]} Qc6 {[%emt 0:01:42]} 33. e5 {[%emt 0:01:17]} d5 {[%emt 0:00:28]} 34. Ng4 {[%emt 0:00:05]} Kg7 {[%emt 0:04:11]} 35. Nf6 {[%emt 0:00:34]} a6 {[%emt 0:01:51]} 36. Ba5 {[%emt 0:01:02]} Bc2 {[%emt 0:03:12]} 37. Bd8 {[%emt 0:03:25]} Nf5 {[%emt 0:01:42]} 38. cxd5 {[%emt 0:04:51]} Ne3+ {[%emt 0:00:18]} 39. Kh3 {[%emt 0:00:29]} Qc8 {[%emt 0:01:30]} 40. g4 {[%emt 0:00:44]} Qxd8 {[%emt 0:01:57]} 41. dxe6 {[%emt 0:30:08]} fxe6 {[%emt 0:30:58]} 42. Qxa6 {[%emt 0:00:19]} Qe7 {[%emt 0:00:00]} 43. Qc8 {[%emt 0:00:00]} Qf7 {[%emt 0:00:00]} 44. Ne8+ {[%emt 0:00:00]} Kh8 {[%emt 0:00:00]} 45. Nf6+ {[%emt 0:00:00]} Kg7 {[%emt 0:00:00]} 1/2-1/2

[Event "GER-chW 2019"]
[Site "Magdeburg"]
[Date "2019.05.27"]
[Round "2.4"]
[White "Perez Celis, Alba"]
[Black "Kopylov, Luba"]
[Result "0-1"]
[WhiteElo "1822"]
[BlackElo "2078"]
[Annotator "NA RC"]
[PlyCount "140"]
[EventDate "2019.05.26"]
[EventType "tourn"]
[EventCountry "GER"]
[SourceTitle "playchess.com"]
[Source "ChessBase"]
[SourceQuality "1"]
[TimeControl "40/5400+30:1800+30"]

1. e4 {[%emt 0:00:00]} b6 {[%emt 0:00:00]} 2. Nf3 {[%emt 0:08:12]} Bb7 {[%emt 0:00:39]} 3. d3 {[%emt 0:01:39]} g6 {[%emt 0:02:27]} 4. g3 {[%emt 0:00:31]} Bg7 {[%emt 0:00:28]} 5. Bg2 {[%emt 0:00:21]} c5 {[%emt 0:02:05]} 6. O-O {[%emt 0:00:36]} d6 {[%emt 0:06:02]} 7. c3 {[%emt 0:00:43] A04: Unusual lines after 1 Nf3 and King's Indian Attack} e6 {[%emt 0:00:30]} (7... Nf6 8. Nbd2 O-O 9. Re1 Nc6 10. a3 Nd7 11. Nb3 b5 12. d4 a5 13. Be3 a4 14. Nbd2 Qb6 15. d5 Nce5 16. Nxe5 Nxe5 17. Qe2 {0-1 (42) Anton Guijarro,D (2666)-Carlsen,M (2837) Riadh 2017}) 8. Re1 {[%emt 0:00:21]} Ne7 {[%emt 0:04:11]} 9. d4 {[%emt 0:09:10]} O-O {[%emt 0:06:45]} 10. Nbd2 {[%emt 0:11:47]} Qc7 $146 {[%emt 0:08:53]} ({Predecessor:} 10... cxd4 11. cxd4 Nbc6 12. Nf1 {1-0 (45) Sundararajan,K (2415)-Dubov,D (2629) Doha 2014}) 11. Nf1 {[%emt 0:14:54]} Na6 {[%emt 0:14:29]} 12. a3 {[%emt 0:02:26]} Rac8 {[%emt 0:00:35]} 13. Bg5 {[%emt 0:02:17]} h6 {[%emt 0:05:19]} 14. Bd2 {[%emt 0:01:05]} Qb8 {[%emt 0:01:32]} 15. Qb3 {[%emt 0:09:16]} Qa8 {[%emt 0:02:44]} 16. Bf4 {[%emt 0:09:27]} Bxe4 {[%emt 0:13:29]} 17. Rxe4 {[%emt 0:03:48]} Qxe4 {[%emt 0:02:14]} 18. Ng5 {[%emt 0:03:37]} Qe2 {[%emt 0:05:47]} 19. Bf3 {[%emt 0:02:11]} c4 {[%emt 0:00:20]} 20. Qa2 {[%emt 0:02:14]} Qc2 {[%emt 0:01:02]} 21. Bd1 {[%emt 0:03:28]} Qf5 {[%emt 0:01:50]} 22. Ne3 {[%emt 0:01:39]} Qb5 {[%emt 0:00:50]} 23. Ne4 {[%emt 0:00:59]} d5 {[%emt 0:06:04]} 24. Nd6 {[%emt 0:00:25]} Qd7 {[%emt 0:00:55]} 25. Nxc8 {[%emt 0:00:42]} Nxc8 {[%emt 0:02:38]} 26. Ng4 {[%emt 0:00:06]} g5 {[%emt 0:02:30]} 27. Be5 {[%emt 0:00:30]} f6 {[%emt 0:00:23]} 28. Bxf6 {[%emt 0:01:54]} Bxf6 {[%emt 0:00:33]} 29. Nxh6+ {[%emt 0:00:17]} Kg7 {[%emt 0:00:09]} 30. Ng4 {[%emt 0:00:39]} Nd6 {[%emt 0:01:36]} 31. Bc2 {[%emt 0:00:52]} Nb8 {[%emt 0:01:51]} 32. Re1 {[%emt 0:00:17]} Nc6 {[%emt 0:00:35]} 33. Qb1 {[%emt 0:00:30]} Qf7 {[%emt 0:01:00]} 34. Qd1 {[%emt 0:02:21]} Nf5 {[%emt 0:01:16]} 35. Bb1 {[%emt 0:00:32]} Nh6 {[%emt 0:01:12]} 36. Qc2 {[%emt 0:00:33]} Rh8 {[%emt 0:00:09]} 37. Ne3 {[%emt 0:03:54]} Ne7 {[%emt 0:01:23]} 38. Re2 {[%emt 0:00:48]} Qh5 {[%emt 0:00:16]} 39. Nf1 {[%emt 0:00:46]} Qh3 {[%emt 0:01:19]} 40. f4 {[%emt 0:00:45]} gxf4 {[%emt 0:01:02]} 41. gxf4 {[%emt 0:30:12]} Kf7 {[%emt 0:30:14]} 42. Rg2 {[%emt 0:01:08]} Nhf5 {[%emt 0:00:51]} 43. Qe2 {[%emt 0:01:03]} Rg8 {[%emt 0:00:00]} 44. Rxg8 {[%emt 0:00:00]} Nxg8 {[%emt 0:00:00]} 45. Bxf5 {[%emt 0:00:00]} Qxf5 {[%emt 0:00:00]} 46. Ng3 {[%emt 0:00:00]} Qb1+ {[%emt 0:00:00]} 47. Kg2 {[%emt 0:00:00]} Ne7 {[%emt 0:00:00]} 48. Qh5+ {[%emt 0:00:00]} Qg6 {[%emt 0:00:00]} 49. Qe2 {[%emt 0:00:00]} Bh4 {[%emt 0:00:00]} 50. Kh3 {[%emt 0:00:00]} Bxg3 {[%emt 0:00:00]} 51. hxg3 {[%emt 0:00:00]} Qh7+ {[%emt 0:00:00]} 52. Kg4 {[%emt 0:00:00]} Qf5+ {[%emt 0:00:00]} 53. Kf3 {[%emt 0:00:00]} Qh5+ {[%emt 0:00:00]} 54. g4 {[%emt 0:00:00]} Qh3+ {[%emt 0:00:00]} 55. Kf2 {[%emt 0:00:00]} Qh2+ {[%emt 0:00:00]} 56. Kf3 {[%emt 0:00:00]} Qxe2+ {[%emt 0:00:00]} 57. Kxe2 {[%emt 0:00:00]} b5 {[%emt 0:00:00]} 58. Kd2 {[%emt 0:00:00]} a5 {[%emt 0:00:00]} 59. Kc2 {[%emt 0:00:00]} a4 {[%emt 0:00:00]} 60. Kd2 {[%emt 0:00:00]} Kf6 {[%emt 0:00:00]} 61. Ke3 {[%emt 0:00:00]} Nc6 {[%emt 0:00:00]} 62. Kf3 {[%emt 0:00:00]} Na5 {[%emt 0:01:33]} 63. Kg3 {[%emt 0:00:09]} Nb3 {[%emt 0:00:28]} 64. Kh4 {[%emt 0:00:32]} Kg6 {[%emt 0:00:13]} 65. Kg3 {[%emt 0:01:20]} Nc1 {[%emt 0:00:06]} 66. Kf3 {[%emt 0:00:44]} Nd3 {[%emt 0:00:07]} 67. Ke3 {[%emt 0:00:06]} Nxb2 {[%emt 0:00:08]} 68. Kd2 {[%emt 0:00:30]} Nd3 {[%emt 0:00:16]} 69. Ke3 {[%emt 0:00:11]} Kf6 {[%emt 0:02:38]} 70. Kf3 {[%emt 0:00:39]} b4 {[%emt 0:00:18]} 0-1

[Event "GER-chW 2019"]
[Site "Magdeburg"]
[Date "2019.05.27"]
[Round "2.5"]
[White "Kunze, Kerstin"]
[Black "Von Herman, Brigitte"]
[Result "1/2-1/2"]
[WhiteElo "2066"]
[BlackElo "2064"]
[Annotator "NA RC"]
[PlyCount "69"]
[EventDate "2019.05.26"]
[EventType "tourn"]
[EventCountry "GER"]
[SourceTitle "playchess.com"]
[Source "ChessBase"]
[SourceQuality "1"]
[TimeControl "40/5400+30:1800+30"]

1. e4 {[%emt 0:00:00]} e5 {[%emt 0:00:00]} 2. Nf3 {[%emt 0:00:00]} Nc6 {[%emt 0:00:00]} 3. Bb5 {[%emt 0:00:31]} a6 {[%emt 0:00:00]} 4. Ba4 {[%emt 0:00:12]} Nf6 {[%emt 0:00:51]} 5. d3 {[%emt 0:05:59]} d6 {[%emt 0:03:15]} 6. c3 {[%emt 0:03:49]} Be7 {[%emt 0:00:26]} 7. h3 {[%emt 0:02:17]} b5 {[%emt 0:00:53]} 8. Bb3 {[%emt 0:02:35]} O-O {[%emt 0:01:46]} 9. O-O {[%emt 0:00:59]} Na5 {[%emt 0:00:43]} 10. Bc2 {[%emt 0:00:58]} c5 {[%emt 0:00:21]} 11. Re1 {[%emt 0:02:14]} Qc7 {[%emt 0:00:58]} 12. Nbd2 {[%emt 0:01:56]} Nc6 {[%emt 0:02:00]} 13. Nf1 {[%emt 0:18:21]} d5 {[%emt 0:09:33]} 14. Ne3 {[%emt 0:06:10]} Be6 {[%emt 0:09:17]} 15. exd5 {[%emt 0:36:26]} Nxd5 {[%emt 0:01:07]} 16. Nxd5 {[%emt 0:01:23]} Bxd5 {[%emt 0:00:18]} 17. Qe2 {[%emt 0:03:51]} Bf6 {[%emt 0:05:11]} 18. Ng5 {[%emt 0:01:49]} Bxg5 {[%emt 0:15:47]} 19. Bxg5 {[%emt 0:00:03]} f6 {[%emt 0:00:20]} 20. Be3 {[%emt 0:00:20]} Qe7 {[%emt 0:13:54]} 21. f3 {[%emt 0:00:38]} c4 {[%emt 0:10:56]} 22. Qf2 {[%emt 0:00:28]} Qf7 {[%emt 0:01:01]} 23. dxc4 {[%emt 0:04:35]} Bxc4 {[%emt 0:00:52]} 24. Be4 {[%emt 0:01:51]} Rac8 {[%emt 0:01:05]} 25. Bf5 {[%emt 0:00:10]} Be6 {[%emt 0:01:06]} 26. Bxe6 {[%emt 0:00:09]} Qxe6 {[%emt 0:00:05]} 27. Bc5 {[%emt 0:00:59]} Rfd8 {[%emt 0:01:37]} 28. a4 {[%emt 0:00:06]} Rd3 {[%emt 0:01:19]} 29. axb5 {[%emt 0:00:50]} axb5 {[%emt 0:00:02]} 30. Bb6 {[%emt 0:00:59]} b4 {[%emt 0:03:43]} 31. cxb4 {[%emt 0:01:18]} Nxb4 {[%emt 0:00:34]} 32. Rac1 {[%emt 0:00:52]} Rc2 {[%emt 0:06:33]} 33. Rxc2 {[%emt 0:00:15]} Nxc2 {[%emt 0:00:05]} 34. Qxc2 {[%emt 0:00:31]} Qxb6+ {[%emt 0:00:14]} 35. Kh2 {[%emt 0:00:41]} 1/2-1/2

[Event "GER-chW 2019"]
[Site "Magdeburg"]
[Date "2019.05.27"]
[Round "2.6"]
[White "Ley, Sabrina"]
[Black "Freter, Anke"]
[Result "0-1"]
[WhiteElo "1870"]
[BlackElo "1873"]
[Annotator "NA RC"]
[PlyCount "88"]
[EventDate "2019.05.26"]
[EventType "tourn"]
[EventCountry "GER"]
[SourceTitle "playchess.com"]
[Source "ChessBase"]
[SourceQuality "1"]
[TimeControl "40/5400+30:1800+30"]

1. d4 {[%emt 0:00:00]} Nf6 {[%emt 0:00:00]} 2. c4 {[%emt 0:00:00]} g6 {[%emt 0:00:00]} 3. f3 {[%emt 0:00:00]} e6 {[%emt 0:02:19]} 4. e4 {[%emt 0:03:00]} Nxe4 {[%emt 0:02:23]} 5. fxe4 {[%emt 0:24:25]} Qh4+ {[%emt 0:01:08]} 6. Ke2 {[%emt 0:04:40]} Qxe4+ {[%emt 0:03:54]} 7. Be3 {[%emt 0:00:11]} Bg7 {[%emt 0:14:50]} 8. Nc3 {[%emt 0:08:00]} Qf5 {[%emt 0:05:01]} 9. Nf3 {[%emt 0:06:17]} O-O {[%emt 0:10:10]} 10. Kf2 {[%emt 0:09:34]} Nc6 {[%emt 0:03:16]} 11. Bd3 {[%emt 0:03:50]} Qa5 {[%emt 0:00:23]} 12. a3 {[%emt 0:03:42]} Ne7 {[%emt 0:02:15]} 13. Qd2 {[%emt 0:08:14]} c6 {[%emt 0:02:50]} 14. Bh6 {[%emt 0:04:46]} Nf5 {[%emt 0:02:08]} 15. Bxg7 {[%emt 0:00:44]} Kxg7 {[%emt 0:00:30]} 16. Rhf1 {[%emt 0:01:23]} Nh6 {[%emt 0:06:34]} 17. Kg1 {[%emt 0:01:15]} f5 {[%emt 0:03:45]} 18. Qg5 {[%emt 0:04:55]} Qc7 {[%emt 0:02:13]} 19. Rae1 {[%emt 0:03:57]} d6 {[%emt 0:01:38]} 20. Qe3 {[%emt 0:02:10]} Ng4 {[%emt 0:00:52]} 21. Qe2 {[%emt 0:00:39]} Bd7 {[%emt 0:03:27]} 22. h3 {[%emt 0:01:28]} Nf6 {[%emt 0:02:36]} 23. Qd2 {[%emt 0:01:25]} Rae8 {[%emt 0:00:57]} 24. b4 {[%emt 0:01:13]} Re7 {[%emt 0:02:23]} 25. Qf4 {[%emt 0:00:25]} Nh5 {[%emt 0:02:19]} 26. Qg5 {[%emt 0:03:12]} Bc8 {[%emt 0:01:52]} 27. Nh4 {[%emt 0:01:05]} Rf6 {[%emt 0:03:28]} 28. Ne2 {[%emt 0:02:06]} h6 {[%emt 0:01:27]} 29. Qd2 {[%emt 0:00:04]} Rff7 {[%emt 0:03:52]} 30. Nf3 {[%emt 0:00:24]} e5 {[%emt 0:00:57]} 31. dxe5 {[%emt 0:00:30]} dxe5 {[%emt 0:00:10]} 32. Qc3 {[%emt 0:00:53]} Kh7 {[%emt 0:00:13]} 33. Bc2 {[%emt 0:00:52]} c5 {[%emt 0:02:27]} 34. Nd2 {[%emt 0:00:55]} b6 {[%emt 0:01:15]} 35. b5 {[%emt 0:00:20]} Bb7 {[%emt 0:01:13]} 36. Rd1 {[%emt 0:00:34]} Ba8 {[%emt 0:00:37]} 37. Rfe1 {[%emt 0:00:35]} e4 {[%emt 0:02:10]} 38. Nf1 {[%emt 0:00:10]} f4 {[%emt 0:00:30]} 39. Nh2 {[%emt 0:00:45]} f3 {[%emt 0:01:34]} 40. gxf3 {[%emt 0:00:46]} exf3 {[%emt 0:00:13]} 41. Nxf3 {[%emt 0:08:29]} Rxf3 {[%emt 0:00:51]} 42. Rd3 {[%emt 0:01:02]} Rxe2 {[%emt 0:07:33]} 43. Rxe2 {[%emt 0:08:29]} Qg3+ {[%emt 0:01:30]} 44. Rg2 {[%emt 0:01:03]} Qxg2+ {[%emt 0:04:52]} 0-1